000 00345nam a2200133Ia 4500
008 151213s9999 xx 000 0 und d
100 _aJohn Stainberg
245 _aThe Log From The Sea of Cortes
_cJohn Stainberg
260 _aLondon
_bPanguing Books
_c1951
300 _a6519 p.
650 _aEnglish
700 _aJohn Stainberg
999 _c3608
_d3608